00629nam a22001937a 4500008004100000020001500041040001800056041000800074060001400082100002300096245004700119246002100166250001200187260008200199300004100281504005100322650003600373650002600409130821s2001 xxua gr eng  a0781723795 aCo-BoUCMbspa00aeng aWP 870251 aRosen, Paul Peter.10aRosen's breast pathologycPaul Peter Rosen30aBreast pathology a2a. ed. aFiladelfia (Pensilvania, Estados Unidos)bLippincott Williams & Wilkinsc2001 axviii, 1004 páginasbilustraciones aIncluye referencias bibliográficas e indice.04aMamasxCáncerxPatofisiologia04aMamasxPatofisiologia